zpět

Detail výsledku týmu

Chicago Bar & Grill ÚT, Liberec

Datum a čas kvízu

33.5 Celkem bodů Celkový počet nahraných bodů na tomto kvízu bez doplňovacích otázek.
7. Pořadí na kvízu Konečné umístění týmu na tomto kvízu.

Zaznamenané odpovědi

# Otázka Odpověď Body Výsledky
0. Citujeme z Libereckého zpravod... bobr 1
2. Slovensko má první úřednickou... Ľudovít Ódor 0
3. Desítky mužů a žen prošly v so... byli nazí 1
4. Staropramen minulý týden předs... Orlando Bloom 1
5. Který zápasník o víkendu poraz... Patrik Kincl 1
6. Ve třetím díle našeho cyklu si... Connor 1
7. Kriminální drama s prvky černé... Mia (Wallace), (Uma) Thurman 0.5
8. Kdo z níže uvedených označil f... C 0
9. Dalším v pořadí je první díl J... 9 členů 0
10. Patnáctku nejlepších filmů uza... Nový Zéland 0